000 00500nmm a2200169Ia 4500
008 251105s9999||||xx |||||||||||||||||und||
020 _a9788488123794
041 _aspa
100 _aMontesquieu, Charles-Louis
245 0 _aCartas Persas
264 _a[Madrid, España] :
_bBiblioteca Nueva,
_c2010
300 _a324 páginas
490 _aClásicos del pensamiento económico y social
650 _aPhilosophy, Ethics
856 _uhttps://public.digitaliapublishing.com/a/9056
942 _cCF
999 _c87039
_d87039